Ecological Communication Challenges in Waste Management

Skryté súvislosti v oblasti odpadového hospodárstva, ktoré ovplyvňujú spoločenské povedomie v Maďarsku a vzťah medzi spotrebiteľmi a odpadmi. Napätie medzi profesiou a verejným sektorom, hlavným dôvodom je nedostatočná komunikácia a rozdielne vnímanie priorít odpadových záležitostí.

Na minha lista:
Detalhes bibliográficos
Autor principal: Somfay, Dorottya
Formato: Capítulo de Livro
Idioma:inglês
Assuntos:
Tags: Adicionar Tag
Sem tags, seja o primeiro a adicionar uma tag!

MARC

LEADER 00000naa a2200000 4500
001 0281612
005 20220128105126.2
041 0 |a eng 
044 |a SK 
245 1 0 |a Ecological Communication Challenges in Waste Management  |c Dorottya Somfay 
520 |a Skryté súvislosti v oblasti odpadového hospodárstva, ktoré ovplyvňujú spoločenské povedomie v Maďarsku a vzťah medzi spotrebiteľmi a odpadmi. Napätie medzi profesiou a verejným sektorom, hlavným dôvodom je nedostatočná komunikácia a rozdielne vnímanie priorít odpadových záležitostí. 
610 2 0 |a hospodárstvo odpadové 
610 2 0 |a komunikácia sociálna 
610 2 0 |a rozvoj trvalo udržateľný 
610 2 0 |a prostredie životné 
610 2 0 |a environmentalistika 
100 1 |a Somfay, Dorottya